C A Webber (Transport) Ltd v Railtrack plc (Record no. 74215)

MARC details
000 -LEADER
fixed length control field 01742cab a2200277 4500
001 - CONTROL NUMBER
control field ABS67529
008 - FIXED-LENGTH DATA ELEMENTS--GENERAL INFORMATION
fixed length control field 040302n2004 000 0 eng u
035 ## - SYSTEM CONTROL NUMBER
System control number (Sirsi) u125301
245 ## - TITLE STATEMENT
Title C A Webber (Transport) Ltd v Railtrack plc
260 ## - PUBLICATION, DISTRIBUTION, ETC.
Date of publication, distribution, etc. 2004
490 ## - SERIES STATEMENT
Series statement Weekly Law Reports
Volume/sequential designation [2004] 1 WLR 320-339(21)
520 ## - SUMMARY, ETC.
Summary, etc. [2003] EWCA Civ 1167, 15 July 2003. Appeal by claimant W against a county court decision on a preliminary issue concerning the validity of two s25 notices served under the Landlord and Tenant Act 1954. Notices were sent by recorded delivery but as the tenant W had an arrangement with the post office not to have post delivered on Saturdays, the notices were not received until Monday. "Held" that a notice under the Landlord and Tenant Act 1954 s25 sent by recorded delivery was deemed to have been served when posted rather than when received by the addressee. W's argument that such a construction of the Landlord and Tenant Act 1927 s23 was incompatible with the Convention for the Protection of Human Rights and Fundamental Freedoms Art 6 and First Protocol Art 1 was dismissed.
590 ## - LOCAL NOTE (RLIN)
Local note ABS
650 ## - SUBJECT ADDED ENTRY--TOPICAL TERM
Topical term or geographic name entry element C A WEBBER (TRANSPORT) LTD V NETWORK RAIL INFRASTRUCTURE LTD
650 ## - SUBJECT ADDED ENTRY--TOPICAL TERM
Topical term or geographic name entry element NOTICES
650 ## - SUBJECT ADDED ENTRY--TOPICAL TERM
Topical term or geographic name entry element LANDLORD AND TENANT ACT 1927 S23
650 ## - SUBJECT ADDED ENTRY--TOPICAL TERM
Topical term or geographic name entry element TIME LIMITS
650 ## - SUBJECT ADDED ENTRY--TOPICAL TERM
Topical term or geographic name entry element LANDLORD AND TENANT ACT 1954 S25
650 ## - SUBJECT ADDED ENTRY--TOPICAL TERM
Topical term or geographic name entry element CONVENTION FOR THE PROTECTION OF HUMAN RIGHTS AND FUNDAMENTAL FREEDOMS ART 6
650 ## - SUBJECT ADDED ENTRY--TOPICAL TERM
Topical term or geographic name entry element CONVENTION FOR THE PROTECTION OF HUMAN RIGHTS AND FUNDAMENTAL FREEDOMS FIRST PROTOCOL ART 1
650 ## - SUBJECT ADDED ENTRY--TOPICAL TERM
Topical term or geographic name entry element BUSINESS TENANCIES
650 ## - SUBJECT ADDED ENTRY--TOPICAL TERM
Topical term or geographic name entry element TERMINATION OF TENANCY
650 ## - SUBJECT ADDED ENTRY--TOPICAL TERM
Topical term or geographic name entry element SERVICES OF NOTICES
690 ## - LOCAL SUBJECT ADDED ENTRY--TOPICAL TERM (OCLC, RLIN)
Topical term or geographic name as entry element LANDLORD AND TENANT-BUSINESS TENANCIES-CASE LAW
942 ## - ADDED ENTRY ELEMENTS (KOHA)
Suppress in OPAC 0
Holdings
Withdrawn status Lost status Source of classification or shelving scheme Damaged status Not for loan Home library Current library Shelving location Date acquired Total Checkouts Full call number Barcode Date last seen Copy number Price effective from Koha item type
    Dewey Decimal Classification     London London Journal article 02/03/2004   ABS67529 125301-1001 06/08/2019 1 06/08/2019 Law report